[Event "Mittelfrank Regionalliga Nord-West 2122"]
[Site "Mittelfranken"]
[Date "2022.05.15"]
[Round "5.4"]
[White "Krisin, Joachim"]
[Black "Kuespert, Helmut"]
[Result "1/2-1/2"]
[WhiteElo "1770"]
[BlackElo "1881"]
[PlyCount "82"]
[EventDate "2021.10.24"]
[EventType "team-tourn"]
[EventRounds "9"]
[EventCountry "GER"]
[SourceTitle "EXT 2024"]
[Source "ChessBase"]
[SourceDate "2023.10.10"]
[SourceVersion "1"]
[SourceVersionDate "2023.10.10"]
[SourceQuality "1"]
[WhiteTeam "Bamberg II"]
[BlackTeam "Marktleuthen"]
[WhiteTeamCountry "GER"]
[BlackTeamCountry "GER"]

1. b3 c5 2. Bb2 b6 3. e3 Bb7 4. f4 Nf6 5. Nf3 d6 6. Bd3 Nbd7 7. 0-0 e6 8. c4 Be7 9. Qe1 0-0 10. Qg3 h6 11. Nc3 a6 12. Rad1 Re8 13. Bb1 Bf8 14. Ne2 Qc7 15. d4 Be4 16. Bd3 Bxd3 17. Rxd3 Ne4 18. Qh4 g6 19. d5 Bg7 20. Bxg7 Kxg7 21. g4 exd5 22. Rxd5 Ndf6 23. Rd3 b5 24. g5 hxg5 25. fxg5 Nh5 26. Nf4 Nxf4 27. Qxf4 bxc4 28. bxc4 Re6 29. Nd2 Nxd2 30. Rxd2 Qe7 31. Rdf2 Ra7 32. Qh4 Rxe3 33. Qh6+ Kg8 34. Rxf7 Qxf7 35. Rxf7 Rxf7 36. Qxg6+ Rg7 37. Qxd6 Rxg5+ 38. Kf2 Rge5 39. Qxa6 Re2+ 40. Kg3 R2e3+ 41. Kf2 Re2+ 1/2-1/2

[Event "Mittelfranken-chTB1 1718"]
[Site "Mittelfranken"]
[Date "2018.05.06"]
[Round "9.5"]
[White "Reichmann, Ulrich"]
[Black "Krisin, Joachim"]
[Result "1/2-1/2"]
[WhiteElo "1918"]
[BlackElo "1823"]
[PlyCount "41"]
[EventDate "2017.10.08"]
[EventType "team-tourn"]
[EventRounds "9"]
[EventCountry "GER"]
[SourceTitle "EXT 2022"]
[Source "ChessBase"]
[SourceDate "2021.10.06"]
[SourceVersion "1"]
[SourceVersionDate "2021.10.06"]
[SourceQuality "1"]
[WhiteTeam "Gunzenhausen"]
[BlackTeam "Erlangen Siemens"]
[WhiteTeamCountry "GER"]
[BlackTeamCountry "GER"]

1. e4 c5 2. Nc3 Nc6 3. Bb5 g6 4. Bxc6 dxc6 5. f4 Bg7 6. d3 e5 7. Nf3 Bg4 8. 0-0 Ne7 9. h3 Bxf3 10. Qxf3 0-0 11. f5 f6 12. Be3 b6 13. Qg3 Qe8 14. Rae1 Rd8 15. b3 Rf7 16. Bc1 Qf8 17. Nd1 Bh6 18. Bxh6 Qxh6 19. Ne3 g5 20. Ng4 Qg7 21. Ne3 1/2-1/2

[Event "Mittelfranken-chTB1 1718"]
[Site "Mittelfranken"]
[Date "2017.11.19"]
[Round "3.4"]
[White "Vielsaecker, Dirk"]
[Black "Krisin, Joachim"]
[Result "0-1"]
[WhiteElo "1946"]
[BlackElo "1823"]
[PlyCount "156"]
[EventDate "2017.10.08"]
[EventType "team-tourn"]
[EventRounds "9"]
[EventCountry "GER"]
[SourceTitle "EXT 2022"]
[Source "ChessBase"]
[SourceDate "2021.10.06"]
[SourceVersion "1"]
[SourceVersionDate "2021.10.06"]
[SourceQuality "1"]
[WhiteTeam "Lauf SV"]
[BlackTeam "Erlangen Siemens"]
[WhiteTeamCountry "GER"]
[BlackTeamCountry "GER"]

1. d4 Nf6 2. c4 e6 3. g3 Bb4+ 4. Bd2 Qe7 5. Bg2 0-0 6. Nc3 d6 7. Qb3 c5 8. dxc5 dxc5 9. a3 Bxc3 10. Bxc3 Nc6 11. Bxc6 bxc6 12. Nf3 Ne4 13. Qc2 Nxc3 14. Qxc3 f6 15. 0-0 e5 16. e4 Bg4 17. Nd2 Qb7 18. Rab1 a5 19. Nb3 Qb6 20. Qe3 a4 21. Nxc5 Ra5 22. b4 axb3 23. Nxb3 Qxe3 24. fxe3 Rxa3 25. Nc5 Rc3 26. Rbc1 Rxc1 27. Rxc1 Rb8 28. h3 Bxh3 29. Rc2 Bg4 30. Kf2 Bh5 31. Ke1 Rb1+ 32. Kd2 Rg1 33. Kd3 Rd1+ 34. Kc3 Re1 35. Kd3 Rd1+ 36. Kc3 Rg1 37. Kd3 Rxg3 38. Ra2 Rg1 39. Ra8+ Kf7 40. Rc8 Bf3 41. Rc7+ Kg6 42. Rxc6 h5 43. Rc8 Kh7 44. Ne6 h4 45. Nf8+ Kh6 46. Ne6 Rd1+ 47. Kc3 Rd6 48. Rh8+ Kg6 49. Nd8 h3 50. Rxh3 Bxe4 51. Rg3+ Kh5 52. Nf7 Rd3+ 53. Kb4 g5 54. Rh3+ Kg4 55. Rh6 Kf5 56. c5 g4 57. Nd6+ Kg5 58. Nxe4+ Kxh6 59. c6 Rd8 60. Kc5 f5 61. Nd6 Kg6 62. c7 Rf8 63. Kd5 g3 64. Nc4 g2 65. Nxe5+ Kg5 66. Nf7+ Kg4 67. Nd8 g1Q 68. c8Q Qd1+ 69. Ke5 Qxd8 70. Qc4+ Kh5 71. Qe2+ Kg6 72. Qg2+ Qg5 73. Qh3 Qf6+ 74. Kd5 Rd8+ 75. Kc4 Qe6+ 76. Kc3 Qc8+ 77. Kb4 Qb8+ 78. Kc4 Qc7+ 0-1

[Event "Mittelfranken-chTB2a 1617"]
[Site "Mittelfranken"]
[Date "2016.11.27"]
[Round "3.3"]
[White "Walter, Stefan"]
[Black "Krisin, Joachim"]
[Result "1/2-1/2"]
[WhiteElo "1805"]
[BlackElo "1813"]
[PlyCount "81"]
[EventDate "2016.10.23"]
[EventType "team-tourn"]
[EventRounds "9"]
[EventCountry "GER"]
[SourceTitle "EXT 2022"]
[Source "ChessBase"]
[SourceDate "2021.10.06"]
[SourceVersion "1"]
[SourceVersionDate "2021.10.06"]
[SourceQuality "1"]
[WhiteTeam "Fuerth SG"]
[BlackTeam "Erlangen Siemens"]
[WhiteTeamCountry "GER"]
[BlackTeamCountry "GER"]

1. e4 c5 2. Nf3 Nc6 3. d4 cxd4 4. Nxd4 e5 5. Nb5 a6 6. Nd6+ Bxd6 7. Qxd6 Qf6 8. Qd1 Qg6 9. Nc3 Nge7 10. Be3 d5 11. Nxd5 Nxd5 12. Qxd5 Be6 13. Qd2 Qxe4 14. f3 Qb4 15. c3 Qa5 16. Qf2 0-0 17. Bd3 f5 18. Be2 e4 19. f4 Qc7 20. 0-0 Qf7 21. b3 b5 22. Rac1 Rfd8 23. Rfd1 Rxd1+ 24. Rxd1 Rd8 25. Rxd8+ Nxd8 26. Qf1 Nc6 27. Bc5 Qd7 28. Qd1 Qd5 29. Qxd5 Bxd5 30. Kf2 Kf7 31. Ke3 Ke6 32. Bf1 Kd7 33. Be2 Bf7 34. g3 Kc7 35. Kd2 Nb8 36. Bd4 g6 37. Be5+ Kb7 38. Bxb8 Kxb8 39. Ke3 Kc7 40. Kd4 Kd6 41. Bd1 1/2-1/2

[Event "Mittelfranken-chTB2a 1617"]
[Site "Mittelfranken"]
[Date "2016.11.13"]
[Round "2.2"]
[White "Pikal, Alexander"]
[Black "Krisin, Joachim"]
[Result "1/2-1/2"]
[WhiteElo "1918"]
[BlackElo "1813"]
[PlyCount "87"]
[EventDate "2016.10.23"]
[EventType "team-tourn"]
[EventRounds "9"]
[EventCountry "GER"]
[SourceTitle "EXT 2022"]
[Source "ChessBase"]
[SourceDate "2021.10.06"]
[SourceVersion "1"]
[SourceVersionDate "2021.10.06"]
[SourceQuality "1"]
[WhiteTeam "Bad Windsheim/Ansbach"]
[BlackTeam "Erlangen Siemens"]
[WhiteTeamCountry "GER"]
[BlackTeamCountry "GER"]

1. Nf3 Nf6 2. b3 g6 3. Bb2 Bg7 4. g3 c5 5. d3 Nc6 6. Bg2 d6 7. 0-0 0-0 8. Nbd2 e5 9. a3 Rb8 10. Ng5 h6 11. Nge4 Nxe4 12. dxe4 b5 13. a4 a6 14. e3 Be6 15. axb5 axb5 16. f4 exf4 17. Bxg7 Kxg7 18. gxf4 Ne7 19. f5 gxf5 20. exf5 Nxf5 21. Rf3 Rg8 22. Ra7 Kf8 23. Kh1 Rxg2 24. Kxg2 Nh4+ 25. Kh1 Nxf3 26. Qxf3 Qg5 27. Ne4 Qd5 28. Qf4 Kg7 29. Qf6+ Kh7 30. Qf3 Kg7 31. Qf6+ Kg8 32. Qf3 Kf8 33. Qf4 Qd1+ 34. Kg2 Qe2+ 35. Nf2 Kg7 36. Kg3 Rg8 37. Kh4 Kg6 38. Ne4 Qe1+ 39. Ng3 Kh7 40. Rxf7+ Bxf7 41. Qxf7+ Rg7 42. Qf5+ Kh8 43. Qf8+ Kh7 44. Qf5+ 1/2-1/2

[Event "Mittelfranken-chTB2a 1617"]
[Site "Mittelfranken"]
[Date "2016.10.23"]
[Round "1.4"]
[White "Krisin, Joachim"]
[Black "Adler, Herbert"]
[Result "1/2-1/2"]
[WhiteElo "1813"]
[BlackElo "1837"]
[PlyCount "68"]
[EventDate "2016.10.23"]
[EventType "team-tourn"]
[EventRounds "9"]
[EventCountry "GER"]
[SourceTitle "EXT 2022"]
[Source "ChessBase"]
[SourceDate "2021.10.06"]
[SourceVersion "1"]
[SourceVersionDate "2021.10.06"]
[SourceQuality "1"]
[WhiteTeam "Erlangen Siemens"]
[BlackTeam "Buechenbach/Roth II"]
[WhiteTeamCountry "GER"]
[BlackTeamCountry "GER"]

1. b3 e5 2. Bb2 d6 3. e3 Nf6 4. Be2 g6 5. Nf3 Bg7 6. d4 0-0 7. 0-0 exd4 8. Bxd4 Nc6 9. Bb2 Bg4 10. c4 a5 11. h3 Bd7 12. Nc3 Ne4 13. Qc1 Qf6 14. Na4 Qe7 15. Bxg7 Kxg7 16. Nc3 Nxc3 17. Qxc3+ f6 18. Rfd1 b6 19. Rac1 Rae8 20. a3 Bf5 21. b4 axb4 22. axb4 Ne5 23. c5 dxc5 24. bxc5 Nxf3+ 25. Bxf3 Rb8 26. Bg4 Bxg4 27. hxg4 Rfd8 28. Rxd8 Rxd8 29. g5 b5 30. gxf6+ Qxf6 31. Qa5 Qc6 32. Qc3+ Qf6 33. Qa5 Qc6 34. Qc3+ Qf6 1/2-1/2

[Event "Mittelfranken-chTB2b 1112"]
[Site "Germany"]
[Date "2012.03.11"]
[Round "8.5"]
[White "Lindner, Christoph"]
[Black "Krisin, Joachim"]
[Result "0-1"]
[WhiteElo "1736"]
[BlackElo "1839"]
[PlyCount "98"]
[EventDate "2011.09.25"]
[EventType "team-tourn"]
[EventRounds "9"]
[EventCountry "GER"]
[SourceTitle "EXT 2018"]
[Source "ChessBase"]
[SourceDate "2017.10.13"]
[SourceVersion "1"]
[SourceVersionDate "2017.10.13"]
[SourceQuality "1"]
[WhiteTeam "Kirchehrenbach/Ebermannstadt"]
[BlackTeam "Erlangen Siemens"]
[WhiteTeamCountry "GER"]
[BlackTeamCountry "GER"]

1. d4 Nf6 2. Nf3 e6 3. c4 Bb4+ 4. Nc3 b6 5. a3 Bxc3+ 6. bxc3 Bb7 7. e3 d6 8. Be2 Nbd7 9. a4 0-0 10. a5 bxa5 11. Rxa5 c5 12. Qa4 a6 13. 0-0 Ne4 14. Bd2 Nb8 15. Qa2 Qc7 16. Ra1 f5 17. Ne1 e5 18. f3 Nxd2 19. Qxd2 Nc6 20. R5a4 Rad8 21. Qc2 f4 22. d5 Ne7 23. Bd3 g6 24. Qd2 Rde8 25. Qb2 fxe3 26. Nc2 Nf5 27. Bxf5 Rxf5 28. Nxe3 Rf4 29. Re1 Bc8 30. Qd2 Qf7 31. Nf1 Qd7 32. Ra3 Rxc4 33. Ne3 Ra4 34. Ng4 Rf8 35. Rb3 Qa7 36. Kh1 Bxg4 37. fxg4 Rxg4 38. h3 Rgf4 39. Kh2 a5 40. Reb1 a4 41. Rb7 Qa8 42. Rd7 Rd8 43. Rbb7 Rxd7 44. Rxd7 a3 45. Qa2 Qa6 46. Qb3 Rf8 47. Qa2 c4 48. Qd2 Rf4 49. Qe1 a2 0-1

[Event "Mittelfranken-chTB2b 1011"]
[Site "Germany"]
[Date "2011.01.23"]
[Round "5.3"]
[White "Krisin, Joachim"]
[Black "Straschewski, Joerg"]
[Result "1/2-1/2"]
[WhiteElo "1842"]
[BlackElo "1916"]
[PlyCount "82"]
[EventDate "2010.09.26"]
[EventType "team-tourn"]
[EventRounds "9"]
[EventCountry "GER"]
[SourceTitle "EXT 2012"]
[Source "ChessBase"]
[SourceDate "2011.11.24"]
[SourceVersion "1"]
[SourceVersionDate "2011.11.24"]
[SourceQuality "1"]
[WhiteTeam "Erlangen Siemens"]
[BlackTeam "Cadolzburg"]
[WhiteTeamCountry "GER"]
[BlackTeamCountry "GER"]

1. b3 Nf6 2. f4 g6 3. Bb2 Bg7 4. Nf3 0-0 5. e3 d5 6. Be2 c5 7. 0-0 Nc6 8. Ne5 Qc7 9. Nxc6 Qxc6 10. Bf3 b6 11. d3 Bb7 12. Qe2 Rad8 13. Nd2 Qc8 14. e4 dxe4 15. Nxe4 Nd5 16. Bxg7 Kxg7 17. g3 Qc7 18. Bg2 e5 19. f5 f6 20. Qd2 Ne7 21. g4 Qd7 22. Qf2 gxf5 23. gxf5 Qd4 24. Kh1 Qxf2 25. Rxf2 Bc8 26. Ng3 Nd5 27. Nh5+ Kf7 28. Rg1 Ne3 29. Be4 Rg8 30. Rxg8 Rxg8 31. Rf3 Rg5 32. Nxf6 Kxf6 33. Rxe3 Bxf5 34. Bxf5 Kxf5 35. Rf3+ Ke6 36. Rf8 Rg7 37. Ra8 Kd5 38. Rd8+ Kc6 39. a4 Kc7 40. Re8 Kd6 41. h3 Kd5 1/2-1/2

[Event "Mittelfranken-chTB2a 0809"]
[Site "Mittelfranken"]
[Date "2008.10.26"]
[Round "2.2"]
[White "Petzold, Vinzenz"]
[Black "Krisin, Joachim"]
[Result "1/2-1/2"]
[WhiteElo "2016"]
[BlackElo "1914"]
[PlyCount "63"]
[EventDate "2008.10.12"]
[EventType "team"]
[EventRounds "9"]
[EventCountry "GER"]
[SourceTitle "EXT 2011"]
[Source "ChessBase"]
[SourceDate "2010.11.26"]
[SourceVersion "1"]
[SourceVersionDate "2010.11.26"]
[SourceQuality "1"]
[WhiteTeam "Erlangen SC II"]
[BlackTeam "Erlangen Siemens"]
[WhiteTeamCountry "GER"]
[BlackTeamCountry "GER"]

1. d4 Nf6 2. c4 e6 3. Nc3 Bb4 4. f3 Bxc3+ 5. bxc3 d5 6. Ba3 c6 7. Qc2 Qa5 8. Bd6 b6 9. Rb1 Nbd7 10. Bb4 Qa6 11. a4 c5 12. dxc5 Nxc5 13. Bxc5 bxc5 14. Nh3 Bd7 15. cxd5 exd5 16. Ra1 0-0 17. e3 Qa5 18. Kf2 Rac8 19. c4 Rfd8 20. Nf4 Be6 21. Be2 dxc4 22. Nxe6 fxe6 23. Rhd1 c3 24. Rd3 Rxd3 25. Bxd3 Rb8 26. Rb1 Rxb1 27. Qxb1 Qxa4 28. Qb8+ Kf7 29. Bb5 Qd1 30. Qc7+ Kg6 31. Qg3+ Kf7 32. Qc7+ 1/2-1/2

[Event "Mittelfrankenliga-B2a 0708"]
[Site "Mittelfranken"]
[Date "2008.04.27"]
[Round "9.1"]
[White "Seitz, Hans"]
[Black "Krisin, Joachim"]
[Result "1/2-1/2"]
[WhiteElo "1989"]
[BlackElo "1914"]
[PlyCount "60"]
[EventDate "2007.10.14"]
[EventType "team-tourn"]
[EventRounds "9"]
[EventCountry "GER"]
[SourceTitle "EXT 2011"]
[Source "ChessBase"]
[SourceDate "2010.11.26"]
[SourceVersion "1"]
[SourceVersionDate "2010.11.26"]
[SourceQuality "1"]
[WhiteTeam "Herzogenaurach"]
[BlackTeam "Erlangen Siemens"]
[WhiteTeamCountry "GER"]
[BlackTeamCountry "GER"]

1. e4 Nf6 2. e5 Nd5 3. d4 d6 4. Nf3 g6 5. Bc4 Nb6 6. Bb3 Bg7 7. Qe2 Nc6 8. 0-0 0-0 9. h3 Na5 10. Nbd2 Nxb3 11. axb3 Bf5 12. Ne4 f6 13. Ng3 fxe5 14. dxe5 a6 15. c4 Qd7 16. Re1 Rae8 17. Bd2 c5 18. Bc3 d5 19. cxd5 Qxd5 20. Nxf5 Rxf5 21. Ba5 Nd7 22. Rad1 Qe6 23. Bc3 b5 24. g4 Rff8 25. Ng5 Qc6 26. Qe4 Nb8 27. e6 Qxe4 28. Nxe4 Bxc3 29. bxc3 Rc8 30. Rd5 c4 1/2-1/2

[Event "Mittelfrankenliga-B2a 0708"]
[Site "Mittelfranken"]
[Date "2008.03.02"]
[Round "7.2"]
[White "Kuhlmann, Christoph"]
[Black "Krisin, Joachim"]
[Result "0-1"]
[WhiteElo "2084"]
[BlackElo "1914"]
[PlyCount "92"]
[EventDate "2007.10.14"]
[EventType "team-tourn"]
[EventRounds "9"]
[EventCountry "GER"]
[SourceTitle "EXT 2011"]
[Source "ChessBase"]
[SourceDate "2010.11.26"]
[SourceVersion "1"]
[SourceVersionDate "2010.11.26"]
[SourceQuality "1"]
[WhiteTeam "Lauf"]
[BlackTeam "Erlangen Siemens"]
[WhiteTeamCountry "GER"]
[BlackTeamCountry "GER"]

1. c4 Nf6 2. Nc3 e6 3. e4 d5 4. e5 d4 5. exf6 dxc3 6. bxc3 Qxf6 7. d4 c5 8. Nf3 h6 9. Bd3 Bd6 10. Rb1 0-0 11. Qe2 Nc6 12. Qe4 Qf5 13. Qe3 Qf6 14. dxc5 Be5 15. 0-0 Bxc3 16. Qe4 Qf5 17. Rb3 Qxe4 18. Bxe4 Bf6 19. Bxc6 bxc6 20. Bf4 Ba6 21. Rb4 Rfe8 22. Ra4 Bc8 23. Re1 a5 24. Bd6 Bc3 25. Re3 Ba1 26. Rea3 e5 27. Rxa5 Rxa5 28. Rxa5 e4 29. Ne1 Bc3 30. Ra7 Bxe1 31. Kf1 Bc3 32. a4 Be6 33. Ke2 Bxc4+ 34. Ke3 Bb2 35. a5 Bc1+ 36. Kd4 Bb5 37. Re7 Rxe7 38. Bxe7 f5 39. Ke5 g6 40. Kf6 Kh7 41. g3 Bb2+ 42. Ke6 Bd4 43. Kd6 Bxf2 44. a6 Bxa6 45. Kxc6 e3 46. Kb6 Bc4 0-1

[Event "Mittelfrankenliga-B2a 0708"]
[Site "Mittelfranken"]
[Date "2008.02.17"]
[Round "6.2"]
[White "Krisin, Joachim"]
[Black "Laibold, Lorenz"]
[Result "1-0"]
[WhiteElo "1914"]
[BlackElo "1830"]
[PlyCount "103"]
[EventDate "2007.10.14"]
[EventType "team-tourn"]
[EventRounds "9"]
[EventCountry "GER"]
[SourceTitle "EXT 2011"]
[Source "ChessBase"]
[SourceDate "2010.11.26"]
[SourceVersion "1"]
[SourceVersionDate "2010.11.26"]
[SourceQuality "1"]
[WhiteTeam "Erlangen Siemens"]
[BlackTeam "Eckental"]
[WhiteTeamCountry "GER"]
[BlackTeamCountry "GER"]

1. b3 e5 2. Bb2 Nc6 3. e3 d5 4. Bb5 Qg5 5. Nf3 Qxg2 6. Rg1 Qh3 7. Bxe5 Bd7 8. Bxg7 Bxg7 9. Rxg7 Bg4 10. Ng1 Bxd1 11. Nxh3 Kf8 12. Rg1 Bxc2 13. Bxc6 bxc6 14. d4 Nf6 15. Nd2 Bf5 16. Nf4 Ke7 17. Rc1 Bd7 18. f3 Rhe8 19. Kf2 Kf8 20. Nd3 Re6 21. Ne5 Be8 22. Rc5 Ng8 23. Rgc1 Ne7 24. Ra5 f6 25. Nd3 Ng6 26. Ra6 f5 27. f4 Ke7 28. Nf3 Bd7 29. Nfe5 Nxe5 30. Nxe5 Rh6 31. Nf3 Kd8 32. Rg1 Kc8 33. Rg7 Kb7 34. Ra5 Rd8 35. Rc5 Bc8 36. Kg3 Rdd6 37. Ne5 Rde6 38. b4 a6 39. a4 Kb6 40. b5 axb5 41. axb5 Bb7 42. bxc6 Bxc6 43. Rc3 Kb7 44. Rb3+ Kc8 45. Rg5 Rhg6 46. Nxg6 hxg6 47. h4 Ba4 48. Rc3 Bd1 49. Kh3 Rb6 50. Rg1 Ba4 51. Rgc1 c6 52. Rg1 1-0

[Event "Mittelfrankenliga-B2a 0708"]
[Site "Mittelfranken"]
[Date "2007.11.25"]
[Round "3.1"]
[White "Krisin, Joachim"]
[Black "Regnat, Markus"]
[Result "0-1"]
[WhiteElo "1914"]
[BlackElo "2020"]
[PlyCount "94"]
[EventDate "2007.10.14"]
[EventType "team-tourn"]
[EventRounds "9"]
[EventCountry "GER"]
[SourceTitle "EXT 2011"]
[Source "ChessBase"]
[SourceDate "2010.11.26"]
[SourceVersion "1"]
[SourceVersionDate "2010.11.26"]
[SourceQuality "1"]
[WhiteTeam "Erlangen Siemens"]
[BlackTeam "Neumarkt"]
[WhiteTeamCountry "GER"]
[BlackTeamCountry "GER"]

1. b3 g6 2. Bb2 Nf6 3. f4 Bg7 4. Nf3 d6 5. e3 c6 6. Be2 Nbd7 7. 0-0 Qc7 8. c4 0-0 9. d4 Re8 10. Nc3 e5 11. Qc2 Ng4 12. Qd2 Ndf6 13. h3 exd4 14. exd4 Ne3 15. Rfe1 h5 16. Bd3 Nf5 17. Rxe8+ Nxe8 18. Bxf5 Bxf5 19. d5 Nf6 20. Rd1 Rd8 21. Ng5 Qa5 22. a3 Qb6+ 23. Kh1 Qxb3 24. dxc6 bxc6 25. c5 d5 26. Ne2 Ne4 27. Nxe4 Qxb2 28. Nd6 Qxa3 29. Nd4 Bd7 30. f5 Rf8 31. fxg6 fxg6 32. Qc2 Qg3 33. Ne2 Qe3 34. Ng1 Qg3 35. Ne2 Rf2 36. Nxg3 Rxc2 37. Nb7 Bh6 38. Nf1 Rc1 39. Rxc1 Bxc1 40. Kg1 Bc8 41. Na5 Bd7 42. Kf2 Kf7 43. Ne3 Ke6 44. Nc2 Ke5 45. Nb4 Ke4 46. Nbxc6 Bxc6 47. Nxc6 Be3+ 0-1

[Event "Mittelfrankenliga-B2a 0607"]
[Site "Mittelfranken"]
[Date "2007.03.25"]
[Round "8.1"]
[White "Krisin, Joachim"]
[Black "Seitz, Hans"]
[Result "1/2-1/2"]
[WhiteElo "1905"]
[BlackElo "2028"]
[PlyCount "68"]
[EventDate "2006.10.22"]
[EventType "team-tourn"]
[EventRounds "9"]
[EventCountry "GER"]
[SourceTitle "EXT 2011"]
[Source "ChessBase"]
[SourceDate "2010.11.26"]
[SourceVersion "1"]
[SourceVersionDate "2010.11.26"]
[SourceQuality "1"]
[WhiteTeam "Erlangen Siemens"]
[BlackTeam "Herzogenaurach"]
[WhiteTeamCountry "GER"]
[BlackTeamCountry "GER"]

1. b3 e5 2. Bb2 Nc6 3. e3 d6 4. Bb5 Bd7 5. Ne2 a6 6. Bxc6 Bxc6 7. 0-0 Qg5 8. f3 Nf6 9. Qe1 h5 10. Qg3 Qxg3 11. hxg3 Be7 12. c4 0-0 13. d4 exd4 14. exd4 d5 15. Nbc3 Rfd8 16. Rad1 b5 17. c5 b4 18. Nb1 Bf8 19. Bc1 Bb5 20. Rfe1 Re8 21. Kf2 a5 22. Bf4 c6 23. Nc1 Nd7 24. Rxe8 Rxe8 25. Nd3 g6 26. a3 Bg7 27. Be3 bxa3 28. Nxa3 Bxd3 29. Rxd3 Nf8 30. Nc2 Rb8 31. Bd2 Ra8 32. Bc3 Ne6 33. Bd2 a4 34. b4 a3 1/2-1/2

[Event "Mittelfrankenliga-B2a 0506"]
[Site "Germany"]
[Date "2005.11.20"]
[Round "2.1"]
[White "Auer, Guenther"]
[Black "Krisin, Joachim"]
[Result "1-0"]
[WhiteElo "2009"]
[BlackElo "1898"]
[PlyCount "67"]
[EventDate "2005.10.16"]
[EventType "team"]
[EventRounds "9"]
[EventCountry "GER"]
[SourceTitle "EXT 2007"]
[Source "ChessBase"]
[SourceDate "2006.11.23"]
[SourceVersion "1"]
[SourceVersionDate "2006.11.23"]
[SourceQuality "1"]

1. d4 Nf6 2. c4 e6 3. Nc3 Bb4 4. f3 c5 5. d5 d6 6. e4 e5 7. Bd3 Bxc3+ 8. bxc3 Qa5 9. Ne2 Nbd7 10. 0-0 Nf8 11. f4 Ng6 12. f5 Nf8 13. Qe1 Bd7 14. Qg3 Nh5 15. Qg5 g6 16. g4 Nf4 17. Bxf4 exf4 18. Qxf4 0-0-0 19. Qxd6 Bxf5 20. Qe5 Nd7 21. Qf4 Bxg4 22. Qxg4 f5 23. exf5 Ne5 24. Qh3 Nxd3 25. f6+ Rd7 26. Qxd3 Rf7 27. Qe4 Rhf8 28. Qe6+ Kb8 29. Qd6+ Kc8 30. Ng3 Qc7 31. Qxc7+ Kxc7 32. Ne4 b6 33. Ng5 Rxf6 34. Ne6+ 1-0

[Event "Mittelfranken-chT 0405"]
[Site "Germany"]
[Date "2004.12.19"]
[Round "4.1"]
[White "Krisin, Joachim"]
[Black "Ackermann, Robert"]
[Result "1/2-1/2"]
[WhiteElo "1906"]
[BlackElo "1968"]
[PlyCount "112"]
[EventDate "2004.10.17"]
[EventType "team"]
[EventRounds "9"]
[EventCountry "GER"]
[SourceTitle "EXT 2007"]
[Source "ChessBase"]
[SourceDate "2006.11.23"]
[SourceVersion "1"]
[SourceVersionDate "2006.11.23"]
[SourceQuality "1"]

1. b3 e5 2. Bb2 Nc6 3. e3 Nf6 4. Bb5 d6 5. Ne2 a6 6. Bxc6+ bxc6 7. 0-0 Be7 8. d4 exd4 9. Nxd4 Qd7 10. Qf3 d5 11. Nd2 0-0 12. Rad1 c5 13. Ne2 Qg4 14. Nf4 c6 15. c4 Be6 16. Qxg4 Bxg4 17. f3 Be6 18. Rc1 Rac8 19. Ba3 Rfd8 20. Rfd1 Kf8 21. Nd3 Nd7 22. Rc2 Rc7 23. Rdc1 d4 24. exd4 cxd4 25. Bxe7+ Kxe7 26. Ne4 Bf5 27. Re2 Kf8 28. Rce1 Bxe4 29. Rxe4 Nf6 30. Re5 Re8 31. Rxe8+ Nxe8 32. Nc5 Nf6 33. Rd1 Nd7 34. Nxa6 Ra7 35. Rxd4 Rxa6 36. Rxd7 Rxa2 37. Rc7 Rb2 38. Rxc6 Rxb3 39. Rc7 Rb2 40. h4 h6 41. Kh2 g5 42. hxg5 hxg5 43. Kh3 Kg7 44. g3 Rb3 45. Kg4 Kg6 46. Rc6+ f6 47. f4 gxf4 48. Kxf4 Rb1 49. Rc8 Kf7 50. c5 Rc1 51. c6 Ke7 52. g4 Rc4+ 53. Kf5 Rc5+ 54. Kf4 Rc4+ 55. Kg3 Kd6 56. c7 Rxc7 1/2-1/2